000 00906nam a2200229Ii 4500
003 JO-AjNU
008 230605s9999||||xx |||||||||||||| ||und||
017 _a2000/5/1794
020 _a9957-06-066-X
040 _aJO-AjNU
_bara
_erda
_cJO-AjNU
041 _aara
050 1 4 _aHD30.24.A43.2000
100 3 _aآل ىدام، يوحنا عبد/سليمان اللوزي,
_eauthor
_945304
245 0 0 _aدراسة الجدوى الاقتصادية وتقييم كفاءة اداء المنظمات=Firms Investment Appraisal ,Project Evaluation and Economics Performance
250 _aط1
264 3 1 _aعمان:دار المسيرة للنشر والتوزيع والطباعة،2000
300 _a334ص
336 _atext
_btxt
_2rdacontent
337 _aunmediated
_bn
_2rdamedia
338 _avolume
_bnc
_2rdacarrier
650 4 _a إدارة المشروعات -دراسات الجدوى
_945305
999 _aA19628
_c23196
_d23196